|
|
|
|
| LEADER |
00000nam a2200000 4500 |
| 001 |
vtls012244106 |
| 003 |
SK-MaSNL |
| 005 |
20260301134753.0 |
| 008 |
231115t1792 gw r 00| 0 lat |
| 015 |
|
|
|a SNBHFA1792
|
| 040 |
|
|
|a SNKHF
|b slo
|c SNK
|e rda
|
| 041 |
|
|
|a lat
|
| 044 |
|
|
|a gw
|c DE
|
| 072 |
|
7 |
|a 82.0
|x Literatúra (teória)
|2 konspekt
|
| 080 |
|
|
|a 82(091)
|2 2011
|
| 100 |
1 |
|
|a Harless, Gottlieb Christoph
|4 aut
|9 421319
|
| 245 |
1 |
0 |
|a Theophili Christophori Harles Introdvctio In Historiam Lingvae Graecae
|n Tom. Prior
|
| 246 |
3 |
0 |
|a Introdvctio In Historiam Lingvae Graecae
|n Tom. Prior
|
| 250 |
|
|
|a Editio Altera Emendatior Et Avctior
|
| 264 |
|
3 |
|a Altenbvrgi
|b In Officina Libraria Richteria
|c CIƆIƆCCLXXXXII (1792)
|
| 300 |
|
|
|a 22 nečíslovaných strán, 599 strán
|c 22 cm
|
| 336 |
|
|
|a text
|b txt
|2 rdacontent
|
| 337 |
|
|
|a bez média
|b n
|2 rdamedia
|
| 338 |
|
|
|a zväzok
|b nc
|2 rdacarier
|
| 500 |
|
|
|a Kustódy, iniciály na 3 riadky
|
| 563 |
|
|
|a Väzba pôvodná, kožená.
|5 SNK IC 145754/1
|
| 650 |
0 |
7 |
|a literárna história
|2 SNKPH
|9 1136
|
| 710 |
0 |
|
|a Richterische Buchhandlung (Altenburg, Nemecko)
|4 prt
|9 328439
|
| 752 |
|
|
|a Nemecko
|d Altenburg
|
| 852 |
|
|
|a snk
|b Aponiovská knižnica
|p IC 145754/1
|
| 958 |
|
|
|a DD
|
| 958 |
|
|
|a ONDV
|
| 999 |
|
|
|c 758039
|d 759969
|
| 952 |
|
|
|t Op. III/42
|a SNK
|b SNK
|c SNK_HF
|y PREZ
|7 0
|p 17A1486769
|o snkIC 145754/1
|i snk2023/16541
|8 5
|0 0
|1 0
|4 0
|d 2023-11-15
|l 0
|r 2026-02-23 23:54:57
|w 2026-02-23
|